| 000 | 00601nam a2200205 u 4500 | ||
|---|---|---|---|
| 005 | 20220526125835.0 | ||
| 008 | 180927s2018 es r 000 0 spa d | ||
| 020 | _a9788494716942 | ||
| 035 | _aUPN01000226904 | ||
| 049 | _aCG | ||
| 050 | 4 |
_aDS810 _bT7.2 |
|
| 100 | 1 |
_aTsuchimochi, Shinji _942176 |
|
| 245 | 1 | 0 |
_a100 vistas de Tókyó / _cpor Shinji Tsuchimochi ; tr. Bárbara Pesquer Isasi. |
| 260 |
_aMadrid : _bQuiterni, _c2018. |
||
| 300 |
_a127 p. : _bprincipalmente il. col. |
||
| 440 | 0 | _aIlustrados | |
| 651 | 0 |
_aJapón _xDescripción y viajes _98380 |
|
| 905 | _aLibro | ||
| 999 |
_c199000 _d199000 |
||